000 00692nam a2200277 a 4500
003 AR-BaBNM
005 20251128202945.0
008 082120s2002 ||||||||||||||000 | spa||
040 _cAR-BaBNM
100 1 _aBucich Escobar, Ismael
245 0 0 _aSan Martín
_bdiez capítulos de su vida íntima
260 _aBuenos Aires
_bAnaconda
_c[ca. 1950]
300 _a141 p.
650 4 _aHISTORIA ARGENTINA
650 4 _aBIOGRAFIAS
650 4 _aGUERRAS DE LA INDEPENDENCIA
650 4 _aHISTORIA
650 4 _aVIDA COTIDIANA
650 4 _aVIDA FAMILIAR
650 4 _aVIDA SOCIAL
651 4 _aPerú
651 4 _aChile
655 _aBIOGRAFIAS
942 _cBK
998 _cEnrique
999 _c1273
_d1273